Ứng dụng lò dốt VHI - 18B trong xử lý chất thải rắn bệnh viện /

Đã lưu trong:
Bibliografiske detaljer
Hovedforfatter: Mai Trọng Chính.
Andre forfattere: Nguyễn Thế Đồng., Phạm Quang Huy, Tô Thị Hải Yến
Format: Bài viết
Sprog:Vietnamese
Tags: Tilføj Tag
Ingen Tags, Vær først til at tagge denne postø!
Thư viện lưu trữ: Thư viện Trường Đại học Đà Lạt
LEADER 00886nam a2200265 4500
001 DLU120142597
005 ##20121018
040 # # |a DLU  |b vie 
041 # # |a vie 
044 # # |a vn 
100 # # |a Mai Trọng Chính. 
245 # # |a Ứng dụng lò dốt VHI - 18B trong xử lý chất thải rắn bệnh viện /  |c Mai Trọng Chính... [và những người khác]. 
700 # # |a Nguyễn Thế Đồng. 
700 # # |a Phạm Quang Huy 
700 # # |a Tô Thị Hải Yến 
773 # # |t Tuyển tập các báo cáo Khoa học tại Hội nghị Môi trường toàn quốc 2005   |g  2005, tr. 967-974 
920 # # |a Phòng Tạp chí -- Trung tâm Thông tin - Thư viện Trường Đại học Đà Lạt 
994 # # |a DLU 
900 # # |a True 
911 # # |a Nguyễn Thị Mai Anh 
925 # # |a G 
926 # # |a A 
927 # # |a BB 
980 # # |a Thư viện Trường Đại học Đà Lạt